000 00737cab a2200265 4500
001 ABS47144
008 090401t1992 xxu||||| |||| 00| 0 eng d
035 _a(Sirsi) u60926
041 _aeng
100 _aLee-Wright, M.
245 _aCountry estate action for rural areas?
260 _c1992
350 _a0
490 _aPlanning (for the Natural and Built Environment)
_v(983) 28 August 1992, 14-15(2)
520 _aOutlines a possible European farm policy response to surplus agricultural land.
650 _aCAP REFORM
650 _aCOUNTRY ESTATES
650 _aFARMING
650 _aFARMLAND
650 _aSET-ASIDE
650 _aSURPLUS LAND
690 _aRURAL PRACTICE
942 _n0
948 _c04/03/1997
999 _c37671
_d37671